|
|
|
|
| LEADER |
01782nam a2200349 a 4500 |
| 001 |
00022328 |
| 008 |
101019s1992 bg w 000 0 eng d |
| 040 |
|
|
|a BD-DhAAL
|c BD-DhAAL
|
| 082 |
0 |
0 |
|a 348.5492/046
|2 20
|
| 999 |
|
|
|c 10653
|d 10653
|
| 999 |
|
|
|c 10653
|
| 130 |
0 |
|
|a DLR
|9 4013
|
| 245 |
0 |
4 |
|a The Dhaka law reports :
|b a monthly law journal,
|n volume no. 44 /
|c founder editor :Obaidul Haque Chowdhury,chief editor :A Mountaquim Chaudhury, editor :Shahabuddin Ahmed.
|
| 246 |
1 |
7 |
|a The Dhaka Law Reports.
|
| 260 |
|
|
|a Dhaka :
|b Dhaka Law Reports,
|c 1992
|
| 300 |
|
|
|a 1 (various pagings) :
|c 25 cm.
|
| 362 |
0 |
|
|a Vol.XLIV,1992
|
| 500 |
|
|
|a Table of cases of the Appellate Devision of the Supreme Court of Bangladesh.
|
| 500 |
|
|
|a "A journal of law reports."
|
| 500 |
|
|
|a Latest issue consulted: Vol.XLIV,January to December,1992
|
| 541 |
|
|
|e 00022328
|
| 590 |
|
|
|a Published yearly.
|
| 650 |
|
0 |
|a Law reports, digests, etc.
|z Bangladesh.
|9 4014
|
| 650 |
|
0 |
|a Law reports, digests, etc.
|z India
|z Bengal.
|9 4015
|
| 710 |
1 |
|
|a Chowdhury,Obaidul Haque.
|9 1116
|
| 710 |
1 |
|
|a Chaudhury,A Mountaquim.
|9 4016
|
| 710 |
1 |
|
|a Ahmed,Shahabuddin.
|9 4017
|
| 852 |
4 |
|
|a Ayesha Abed Library
|j General shelf
|
| 942 |
|
|
|2 ddc
|c 1HOUR
|0 8
|
| 952 |
|
|
|0 0
|1 0
|2 ddc
|4 0
|6 348_549204600000000_DHA
|7 0
|8 REF
|9 16020
|a BRACUL
|b BRACUL
|c CIR
|d 2011-04-07
|l 36
|o 348.5492046 DHA
|p 3010022328
|r 2014-03-06
|s 2014-03-06
|t 1
|w 2011-04-07
|y 1HOUR
|
| 952 |
|
|
|0 0
|1 0
|2 ddc
|4 0
|6 348_549204600000000_DHA
|7 0
|9 43924
|a BRACUL
|b BRACUL
|c REF
|d 2014-10-23
|e Anupam Gyan
|g 1070.00
|l 21
|o 348.5492046 DHA
|p 3010028055
|r 2020-03-16
|s 2020-03-16
|t 2
|w 2014-10-23
|y 1HOUR
|
| 952 |
|
|
|0 0
|1 0
|2 ddc
|4 0
|6 348_549200000000000_046_DHA
|7 0
|8 REF
|9 54195
|a BRACUL
|b BRACUL
|c REF
|d 2015-06-09
|g 994.00
|l 16
|o 348.5492046 DHA
|p 3010029149
|r 2020-03-16
|s 2020-03-16
|t 3
|w 2015-06-09
|y 1HOUR
|